Manual de pronunciación española
Salvato in:
| Autore principale: | |
|---|---|
| Natura: | Libro |
| Lingua: | spagnolo |
| Pubblicazione: |
Madrid
Consejo Superior de Investigaciones Científicas, Instituto Miguel de Cervantes
1957
|
| Edizione: | 8a. ed |
| Soggetti: | |
| Tags: |
Aggiungi Tag
Nessun Tag, puoi essere il primo ad aggiungerne!!
|
MARC
| LEADER | 00000nam a2200000 a 4500 | ||
|---|---|---|---|
| 001 | UCJ9913 | ||
| 003 | CL-VaPUC | ||
| 008 | 070413e19570000SP |||||||||||||||||spa|d | ||
| 082 | 0 | 4 | |a 461.52 |b NAV |2 21 |
| 100 | |a Navarro Tomás, Tomás |e autor |9 598797 | ||
| 245 | 1 | 0 | |a Manual de pronunciación española |
| 250 | |a 8a. ed | ||
| 300 | |a 326 p | ||
| 942 | |c BK | ||
| 945 | |d 20070413 00:00:00 |a jtorresc | ||
| 260 | |a Madrid |b Consejo Superior de Investigaciones Científicas, Instituto Miguel de Cervantes |c 1957 | ||
| 500 | |a Donación del Dr. Luis Gómez Macker | ||
| 650 | 7 | |a ESPAÑOL FONETICA |2 CL-VaPUC |9 316405 | |
| 650 | 7 | |a ESPAÑOL PRONUNCIACION |2 CL-VaPUC |9 262216 | |
| 650 | 0 | |a Fonética |9 308371 | |
| 583 | |a last modification |c 20070413 00:00:00 |k Rodrigo Vera | ||
| 999 | |c 325256 |d 325254 | ||
| 952 | |0 0 |1 0 |4 0 |6 461_520000000000000_NAV_1957 |7 0 |8 A |9 405891 |a FDOPOS |b FDOPOS |d 2019-11-22 |i 4273966 |o 461.52 NAV 1957 |p 4273966 |r 2025-01-22 |w 2019-11-22 |y BK |k MLA | ||